Ballots, bullets and bhikkhus : (Record no. 533786)

000 -LEADER
fixed length control field 01283cam a2200325 i 4500
001 - CONTROL NUMBER
control field 20714276
005 - DATE AND TIME OF LATEST TRANSACTION
control field 20260624144233.0
008 - FIXED-LENGTH DATA ELEMENTS--GENERAL INFORMATION
fixed length control field 181022s2018 ii b b 000 0 eng
010 ## - LIBRARY OF CONGRESS CONTROL NUMBER
LC control number 2018315353
020 ## - INTERNATIONAL STANDARD BOOK NUMBER
International Standard Book Number 9789387925090
025 ## - OVERSEAS ACQUISITION NUMBER
Overseas acquisition number I-E-2018315353; 63-12
035 ## - SYSTEM CONTROL NUMBER
System control number 20714276
037 ## - SOURCE OF ACQUISITION
Source of stock number/acquisition Library of Congress -- New Delhi Overseas Office
040 ## - CATALOGING SOURCE
Original cataloging agency DLC
Language of cataloging eng
Description conventions rda
Transcribing agency DLC
Modifying agency DLC
042 ## - AUTHENTICATION CODE
Authentication code lcode
-- pcc
043 ## - GEOGRAPHIC AREA CODE
Geographic area code a-ce---
050 00 - LIBRARY OF CONGRESS CALL NUMBER
Classification number BQ4570.S7
Item number S77 2018
082 ## - DEWEY DECIMAL CLASSIFICATION NUMBER
Classification number AB43x548 Su77
100 1# - MAIN ENTRY--PERSONAL NAME
Personal name Surendra Kumar, S. Y.,
Relator term author.
9 (RLIN) 61310
245 10 - TITLE STATEMENT
Title Ballots, bullets and bhikkhus :
Remainder of title the role of Buddhist Sangha in Sri Lankan politics and ethnic conflict /
Statement of responsibility, etc S.Y. Surendra Kumar.
246 30 - VARYING FORM OF TITLE
Title proper/short title Role of Buddhist Sangha in Sri Lankan politics and ethnic conflict
260 ## - PUBLICATION, DISTRIBUTION, ETC. (IMPRINT)
Place of publication, distribution, etc New Delhi
Name of publisher, distributor, etc Viva Books
Date of publication, distribution, etc 2018
300 ## - PHYSICAL DESCRIPTION
Extent xiv, 278 pages :
Other physical details map ;
Dimensions 24 cm
504 ## - BIBLIOGRAPHY, ETC. NOTE
Bibliography, etc Includes bibliographical references (pages 225-252).
650 #0 - SUBJECT ADDED ENTRY--TOPICAL TERM
Topical term or geographic name as entry element Buddhist monks
General subdivision Political activity
Geographic subdivision Sri Lanka
General subdivision History.
9 (RLIN) 61311
650 #0 - SUBJECT ADDED ENTRY--TOPICAL TERM
Topical term or geographic name as entry element Buddhism and politics
Geographic subdivision Sri Lanka
General subdivision History.
9 (RLIN) 61312
650 #0 - SUBJECT ADDED ENTRY--TOPICAL TERM
Topical term or geographic name as entry element Ethnic conflict
Geographic subdivision Sri Lanka.
9 (RLIN) 61313
906 ## - LOCAL DATA ELEMENT F, LDF (RLIN)
a 7
b cbc
c origode
d 3
e ncip
f 20
g y-gencatlg
955 ## - COPY-LEVEL INFORMATION (RLIN)
Book number/undivided call number, CCAL (RLIN) wd49 2018-10-22 to Selcom
Copy status, CST (RLIN) wd53 2019-01-11
Classification number, CCAL (RLIN) cb08 2020-02-14 to CALM
Holdings
Withdrawn status Lost status Source of classification or shelving scheme Damaged status Koha normalized classification for sorting Not for loan Permanent location Current location Shelving location Date acquired Full call number Barcode Date last seen Price effective from Koha item type
        AB_43X548_SU77   Indian Institute of Public Administration Indian Institute of Public Administration On Display 2026-06-24 AB43x548 Su77 Gr25739 2026-06-24 2026-06-24 GR

Powered by Koha